[Jujutsu Kaisen] Participants à la traque mortelle - Statistiques

Statistiques générales
  • Ce quiz a été pris 140 fois
    69 depuis la dernière actualisation
  • Le résultat moyen est 9 sur 19
Statistiques - réponses
Par images Réponse % Correct
Panda
100%
Yuji Itadori
100%
Megumi Fushiguro
98%
Yuta Okkotsu
98%
Kinji Hakari
92%
Hiroshi Higuruma
79%
Fumihiko Takaba
77%
Hajime Kashimo
77%
Ryu Ishigori
60%
Lazy Star
35%
Dhruv Lakdawalla
33%
Remi
23%
Takako Uro
21%
Kuro-Urushi
17%
Iori Hazenoki
12%
Rin Amai
10%
Hari Chizuru
6%
Haba
4%
Hanyu
4%
Aucun quiz correspondant
Distribution des résultats
% des personnes avec chaque résultat
Percentile par nombre de réponses
Votre historique - résultats
Vous n’avez pas pris ce quiz depuis la dernière actualisation